| 000 | 00363nam a2200133Ia 4500 | ||
|---|---|---|---|
| 008 | 231228s1991 xx 000 0 und d | ||
| 041 | _aeng | ||
| 082 |
_a658.8`48 _bTER |
||
| 100 | _aTERPSTRA (Vern)/ SARATHY (Ravi) | ||
| 245 | _aInternational Marketing.... | ||
| 250 | _a5th | ||
| 260 |
_aChicago _bThe Dryden Press Chicago Chicago _c1991 |
||
| 300 | _aXXII,714 | ||
| 999 |
_c1080060 _d1080060 |
||